00983nam a2200253 a 450000100100000000500170001000800410002704000250006808200230009310000470011624500770016325000110024026000350025130000250028649000320031150000740034365000290041765000310044670000380047783000390051591000370055495201210059199900170071200004212120201002035943.0131114s1969 sp 000 p spa d aDO-SdBNPbspscBNPHU a861.3bT689p, 19691 aTorre, Francisco de lad1534?-1594.91586910apoesías /cFrancisco de la Torre ; edición de Alonso Zamora Vicente. a3a ed. aMadrid :bEspasa-Calpe,c1969. alx, 203 p. ;c20 cm.1 aClásicos castellanosv124 aIncluye referencias bibliógraficas y notas al pie de las páginas. 4aPoesía española9631 4aLiteratura española963212aZamora Vicente, Alonsoeed.93327 0aClásicos castellanosn124969126 aValidado. Control de calidad MFF 001050718MOaPDbPDcHDd2013-11-14iLF1l0o861.3 T689p, 1969p42121-10r2020-06-25w2020-06-25y1ZNo se presta c41610d41610